| 000 | 01726nam a2200349 c 4500 | ||
|---|---|---|---|
| 999 |
_c341691 _d341691 |
||
| 003 | BLK | ||
| 005 | 20240623004114.0 | ||
| 008 | 180911b bul|||||r ||||||| ||bul|| | ||
| 010 | _a001321 | ||
| 040 | _aBLK | ||
| 041 |
_aBUL _cBUL |
||
| 080 | _z914.972(234.423.3)(036) | ||
| 080 | _z886.7(092) | ||
| 080 |
_aБългарски поет и писател _b929 Вазов, Иван Минчов |
||
| 100 | 1 |
_aКЛИСАРОВ, Георги _eпърви автор _9396498 |
|
| 245 | 0 | 0 |
_aПо Вазовия път из недрата на Родопите _bБелово- Алабак - Юндола - Велинград - Ракитово - Батак - Пещера |
| 260 |
_aСофия _bТурист. д-во "Иван Вазов" _c1963 |
||
| 300 |
_a34 с., 2 л. : к. _c19 см |
||
| 380 | _a91 | ||
| 490 | _aМаршрутна библиотека | ||
| 490 |
_aЧастна колекция - Академик Михаил Арнаудов _gДарение - Основен фонд |
||
| 500 | _aСтатия за Стоян Михайловски от Кръстьо Генов : в. Отеч. фронт, 19 януари 1956 Датирането от М. Арнаудов. - Автограф с текст: На г. проф. Михаил Арнаудов - уважение и най-добри чувства. София, 11. IХ. 1961. Г. Клисаров | ||
| 650 |
_aПисатели _9166332 |
||
| 650 |
_aБиографии _9148657 |
||
| 650 | 0 |
_aПисатели, български _9241944 |
|
| 655 |
_aбългарска география _9396199 |
||
| 852 |
_aМА 51 _bМА |
||
| 942 |
_cKNG _n0 _s1 |
||
| 944 |
_aCR _c1994 _k _lCRON CRON |
||
| 999 | _d341691 | ||
| 999 | _d341691 | ||